000 00886nam a2200241Ia 4500
008 100315s9999 xx 000 0 und d
020 _a0-8299-0166-3 
040 _cENGLISH 
082 _b8760 
_a658.4 
100 _a"Easley, V. Eddie V., Lundgren, Earl F., Wolk, Harry, I "
245 _aContemporary Business : Challenges & Opportunites
260 _aSt. Paul 
_bWest publishing  
_c1978 
300 _a"xvi, 495p  "
365 _eRupees 
_d
_b0.00 
366 _f
505 _gDBH 
530 _bDonated By RBI Library  
620 _a"Small Business, management, Organization, Marketing Management, Financial management, Management Tools , Responsibilities & Opportunities "
630 _aContemporary Business : Challenges & Opportunites
650 _aBusiness 
730 _aContemporary Business : Challenges & Opportunites
942 _cBOOK
999 _c483495
_d483492